Logo Biblioteca

Huesos en el jardín / (Registro nro. 513)

Detalles MARC
000 -LEADER
fixed length control field 01735nam a22002417a 4500
003 - CONTROL NUMBER IDENTIFIER
control field OSt
005 - DATE AND TIME OF LATEST TRANSACTION
control field 20250624123935.0
008 - FIXED-LENGTH DATA ELEMENTS--GENERAL INFORMATION
fixed length control field 250530s2014 ag ||||| |||| 00| 1 spa d
020 ## - INTERNATIONAL STANDARD BOOK NUMBER
International Standard Book Number 9789876701938
040 ## - CATALOGING SOURCE
Transcribing agency spa
100 1# - MAIN ENTRY--PERSONAL NAME
Personal name Mankell, Henning,
Dates associated with a name 1948-2015,
Relator term autor
245 10 - TITLE STATEMENT
Title Huesos en el jardín /
Statement of responsibility, etc. Henning Mankell ; posfacio de Henning Mankell ; traducción del sueco de Carmen Montes Cano
260 ## - PUBLICATION, DISTRIBUTION, ETC.
Place of publication, distribution, etc. Buenos Aires :
Name of publisher, distributor, etc. Tusquets,
Date of publication, distribution, etc. 2014
300 ## - PHYSICAL DESCRIPTION
Extent 178 p.
518 ## - DATE/TIME AND PLACE OF AN EVENT NOTE
Date/time and place of an event note
520 ## - SUMMARY, ETC.
Summary, etc. Un domingo de octubre de 2002, un Kutr Wallander agotado después de una intensa semana de trabajo va a visitar la que podría ser la casa de sus sueños en las afuera de Loderup. Mientras deambula a solas por el jardín de la finca, rumiando si comprarla o no , tropieza con algo semioculto entre la hierba. Para su sorpresa, son los huesos de una mano. Esa misma noche, cuando los técnicos encienden sus focos y cavan alrededor, sale a la luz un cadáver que, según los forenses, lleva mas de cincuenta años bajo la tierra. Poco antes de la Navidad, y pese a los recortes presupuestarios en la policía de Escania, el inspector Wallander, junto con sus colegas Martinsson y Stefan Lindman (el protagonista de El retorno del profesor de baile), sigue investigando lo que parece ser un asesinato muy antiguo. Pero ¿es posible esclarecer un crimen cometido tanto tiempo atrás? Cuando ya esta a punto de darse por vencido , Wallander regresa al jardín de la que pudo haber sido su casa. Y algo despierta en, él nuevas sospechas que se convertirán en un nuevo hallazgo. {nota del editor}
648 #4 - SUBJECT ADDED ENTRY--CHRONOLOGICAL TERM
Chronological term Siglo XXI
650 #4 - SUBJECT ADDED ENTRY--TOPICAL TERM
Topical term or geographic name entry element Literatura
651 #4 - SUBJECT ADDED ENTRY--GEOGRAPHIC NAME
Geographic name Suecia
653 ## - INDEX TERM--UNCONTROLLED
Uncontrolled term Policial
655 #4 - INDEX TERM--GENRE/FORM
Genre/form data or focus term Novela
942 ## - ADDED ENTRY ELEMENTS (KOHA)
Source of classification or shelving scheme Universal Decimal Classification
Koha item type Obra General
Suppress in OPAC No
Existencias
Withdrawn status Lost status Source of classification or shelving scheme Damaged status Not for loan Collection Home library Current library Date acquired Total checkouts Full call number Barcode Date last seen Price effective from Koha item type
    Universal Decimal Classification     Colección Nélida Perona Biblioteca Escuela de Ciencias Sociales Biblioteca Escuela de Ciencias Sociales 30/05/2025   82-312.4(485) M278 001377 30/05/2025 30/05/2025 Obra General
Biblioteca de la Escuela Preuniversitaria en Ciencias Sociales y Humanísticas.
Riobamba 250 bis.
CP 2000 - Rosario - Santa Fe
E-Mail: biblioteca@esociales.unr.edu.ar